00261nam a2200085Ia 4500008004100000082001500041245008800056260002000144300001100164230907s9999||||xx |||||||||||||| ||und|| a621.2bCAV 0aCavitation instabilities and rotordynamic effects in turbopumps and hydroturbines : aSpringer,c2017 a282 p.